00972nam a22002297a 4500003000400000005001700004008004100021010003100062024001800093035003000111040001300141082001500154245007100169260004900240300005600289440002500345500007600370500006500446538008500511538012700596650001900723dpl20080911114410.0080911t xxu||||| |||| 00| 0 eng d aDVD-000452-454 DVD-000816 2O0228c499.00 aDVD-000452-454 DVD-000816 aDPLcDPL aDVD / ROBI aRobin HoodcWalt Disney Pictures Presentsh[videorecording] (DVD)/ aBurbank, CAbWalt Disney Home Entertainment a1 videodiscs (80 min.):bsd., col.;c4 3/4 in.fDVD aWalt Disney Classics aSole Distributor in India M/s Excel Productions Audio Visuals Pvt. Ltd. aSpecial Features- Robin Hood Triva Game Robin DVD Story Book aDolby Digital 5.1-English, Cantonese, mandarin Subtitles-English, Thai, Mandarin aAspect Ratio:1.33.1, Presentation Type: Full Screne, Presentation Size 4x3, Formaton: DVD 9- Dual Layer Single sided Disc, 2Animated Movie